Gminy Powiatu Nowotomyskiego - Statystyki

Ogólne statystyki
  • Ten quiz został rozwiązany 63 razy
  • Średni wynik to 5 z 6
Statystyki odpowiedzi
Hint Odpowiedź % Poprawnych
miejsko-wiejska Nowy Tomyśl
97%
miejsko-wiejska Lwówek
92%
miejsko-wiejska Zbąszyń
92%
miejsko-wiejska Opalenica
89%
wiejska Miedzichowo
78%
wiejska Kuślin
75%
Nie znaleziono quizów pasujących do podanych kryteriów
Rozkład punktacji
Procent ludzi z każdym wynikiem
Percentyl według liczby udzielonych odpowiedzi
Twoja historia wyników
Nie rozwiązałeś tego quizu